000 00669nam a2200241Ia 4500
003 OSt
005 20220926011522.0
006 a|||||r|||| 00| 0
007 ta
008 220923b |||||||| |||| 00| 0 eng d
020 _a0471669962
037 _cGeneral Book
040 _aRTL
_cRTL
_beng
041 _2eng
_aeng
082 _aX:8g, P4
100 _aChowdhury Subir
_915241
245 0 _aNext Generation business handbook
_bNew strategies
260 _aNew Jersey
_bJessey John Wiley
_c2004
300 _axxiv,1320p
_ccm.
650 _aManagement
_930681
942 _hX:8g, P4
_cGB
_2CC
999 _c620323
_d620323